Najmenší čitateľ

Bibliographic Details
Main Author: Hakala, Robert, 1958-2025 (Author)
Other Authors: Kardelisová-Hrúzová, Viera, 1947- (gup)
Format: Article
Language:Slovak
Subjects:

MARC

LEADER 00000nab a2200000 a 4500
001 vtls000347406
003 SK-MaSNL
005 20260304195236.0
008 111201c1989 xo 0 slo
015 |a SNBRB19rr/mm-uuuuu 
035 |a CL0347528 
040 |a SNKBUCL  |b slo  |c SNKBUCL  |e AACR2 
041 0 |a slo 
044 |a xo  |c SK 
080 |a 885.4-1(087.5)  |2 1981 
100 1 |a Hakala, Robert,  |d 1958-2025  |4 aut  |9 190046 
245 1 0 |a Najmenší čitateľ  |c Róbert Hakala ; Viera Kardelisová-Hrúzová 
650 0 7 |a rečňovanky  |2 snkbucl  |9 278360 
655 7 |a články z novín a časopisov  |2 snkbucl  |9 267496 
655 7 |a články z odboru literárna veda a krásna literatúra  |2 snkbucl  |9 770045 
700 1 |a Kardelisová-Hrúzová, Viera,  |d 1947-  |4 gup  |9 86338 
773 0 |t Ohník  |g Roč. 41, č. 14 (1988/1989), s. 13 
850 |a Slovenská národná knižnica v Martine  |a MTA001 
852 |a SNK  |b KIS3GCP 
958 |a RK 
958 |a LX 
992 |a RBX 
999 |c 3080418  |d 3082348